Manuel Puig: la ficción como indagación narcisista
El artículo hace un breve recorido por la obra de Manuel Puig, sin pretender encontrar respuestas definitivas acerca de la escritura o el fin en sí misma, más bien encuentra una traición, de realidad y ficción, que genera la escritura. Se analiza la producción global del autor desde la perspectiva...
Guardat en:
| Autor principal: | |
|---|---|
| Format: | Desconegut |
| Publicat: |
Venezuela:
Universidad Simón Bolivar,
|
| Matèries: | |
| Etiquetes: |
Afegir etiqueta
Sense etiquetes, Sigues el primer a etiquetar aquest registre!
|
MARC
| LEADER | 000000000a22000000004500 | ||
|---|---|---|---|
| 001 | 000037 | ||
| 022 | |a 0798-958-X | ||
| 100 | 1 | |a Bustillo, Carmen | |
| 245 | 1 | 0 | |a Manuel Puig: la ficción como indagación narcisista |
| 260 | |a Venezuela: |b Universidad Simón Bolivar, | ||
| 310 | |a semestral | ||
| 520 | |a El artículo hace un breve recorido por la obra de Manuel Puig, sin pretender encontrar respuestas definitivas acerca de la escritura o el fin en sí misma, más bien encuentra una traición, de realidad y ficción, que genera la escritura. Se analiza la producción global del autor desde la perspectiva de la génesis de la escritura. | ||
| 650 | 4 | |a ESCRITURA | |
| 650 | 4 | |a CREACION LITERARIA | |
| 650 | 4 | |a PUIG, MANUEL, 1932- | |
| 650 | 4 | |a LITERATURA LATINOAMERICANA | |
| 773 | 0 | |t Estudios: Revista de Investigaciones Literarias | |
| 773 | 0 | |g 1 | |
| 773 | 0 | |g 2 | |
| 773 | 0 | |g 1993 | |
| 773 | 0 | |g 137-155 | |
| 999 | |c 787 |d 787 | ||
